Новые композиционные материалы для очистки нефтей от гетероатомных компонентов; Мир нефтепродуктов. Вестник нефтяных компаний; № 9

Detalhes bibliográficos
Parent link:Мир нефтепродуктов. Вестник нефтяных компаний: научно-технический журнал.— , 2001-
№ 9.— 2014.— С. 24-28
Autor principal: Голушкова Е. Б. Евгения Борисовна
Autor Corporativo: Национальный исследовательский Томский политехнический университет (ТПУ) Институт физики высоких технологий (ИФВТ) Кафедра общей и неорганической химии (ОНХ)
Outros Autores: Коваленко Е. Ю.
Resumo:С применение комплекса аналитических методов (элементного анализа, ИК- и ЯМР-спектроскопии, хромато-масс-спектрометрии) проведено исследование влияния композитов на основе порошков железа и меди на состав нефтей сборной западно-сибирской и Усинского месторождения, различающихся по содержанию гетероатомов и смолисто-асфальтеновых компонентов. Установлено, что в процессе обработки качественный состав сборной западно-сибирской нефти практически не меняется. Обработка композитами нефти Усинского месторождения, для которой характерно повышенное содержание азот- и сероорганических соединений, приводит к снижению их концентрации. Показано, что композиты на основе микронных порошков железа и меди, модифицированных ионами кобальта и никеля, могут быть использованы для предварительной очистки углеводородного сырья с высоким содержанием гетероатомных компонентов.
Idioma:russo
Publicado em: 2014
Assuntos:
Formato: Capítulo de Livro
KOHA link:https://koha.lib.tpu.ru/cgi-bin/koha/opac-detail.pl?biblionumber=543436

MARC

LEADER 00000naa2a2200000 4500
001 543436
005 20240126161704.0
035 |a (RuTPU)RU\TPU\prd\234647 
035 |a RU\TPU\prd\227627 
090 |a 543436 
100 |a 20150417a2014 k y0rusy50 ca 
101 0 |a rus 
102 |a RU 
200 1 |a Новые композиционные материалы для очистки нефтей от гетероатомных компонентов  |f Е. Б. Голушкова, Е. Ю. Коваленко  |g Национальный исследовательский Томский политехнический университет (ТПУ), Институт физики высоких технологий (ИФВТ), Кафедра общей и неорганической химии (ОНХ) 
320 |a Библиогр.: с. 28 (13 назв.) 
330 |a С применение комплекса аналитических методов (элементного анализа, ИК- и ЯМР-спектроскопии, хромато-масс-спектрометрии) проведено исследование влияния композитов на основе порошков железа и меди на состав нефтей сборной западно-сибирской и Усинского месторождения, различающихся по содержанию гетероатомов и смолисто-асфальтеновых компонентов. Установлено, что в процессе обработки качественный состав сборной западно-сибирской нефти практически не меняется. Обработка композитами нефти Усинского месторождения, для которой характерно повышенное содержание азот- и сероорганических соединений, приводит к снижению их концентрации. Показано, что композиты на основе микронных порошков железа и меди, модифицированных ионами кобальта и никеля, могут быть использованы для предварительной очистки углеводородного сырья с высоким содержанием гетероатомных компонентов. 
461 0 |0 (RuTPU)RU\TPU\prd\1153  |t Мир нефтепродуктов. Вестник нефтяных компаний  |o научно-технический журнал  |d 2001- 
463 0 |0 (RuTPU)RU\TPU\prd\225059  |t № 9  |v С. 24-28  |d 2014 
610 1 |a труды учёных ТПУ 
610 1 |a композиционные материалы 
610 1 |a очистка 
610 1 |a нефти 
610 1 |a гетероатомные компоненты 
610 1 |a аналитические методы 
610 1 |a композиты 
610 1 |a азотсодержащие соединения 
610 1 |a сероорганические соединения 
610 1 |a углеводородное сырье 
700 1 |a Голушкова  |b Е. Б.  |c химик  |c доцент Томского политехнического университета, кандидат химических наук  |f 1974-  |g Евгения Борисовна  |3 (RuTPU)RU\TPU\pers\30189  |9 14583 
701 1 |a Коваленко  |b Е. Ю. 
712 0 2 |a Национальный исследовательский Томский политехнический университет (ТПУ)  |b Институт физики высоких технологий (ИФВТ)  |b Кафедра общей и неорганической химии (ОНХ)  |3 (RuTPU)RU\TPU\col\18686 
801 1 |a RU  |b 63413507  |c 20141118 
801 2 |a RU  |b 63413507  |c 20150624  |g RCR 
942 |c BK